Normal view
MARC view
Entry Personal Name
001 - CONTROL NUMBER
- control field: 1020
003 - CONTROL NUMBER IDENTIFIER
- control field: PK-NaQUE
005 - DATE AND TIME OF LATEST TRANSACTION
- control field: 20260629114920.0
008 - FIXED-LENGTH DATA ELEMENTS
- fixed length control field: 260629|| aca||aabn | a|a d
040 ## - CATALOGING SOURCE
- Original cataloging agency: PK-NaQUE
- Transcribing agency: PK-NaQUE
100 ## - HEADING--PERSONAL NAME
- Personal name: Komal Umrani
- Personal name: 19-MSIT-11
- Personal name: Supervisor - Dr . Rafia Naz Memon
670 ## - SOURCE DATA FOUND
- Source citation: Work cat.: (PK-NaQUE)69078: Komal Umrani 19-MSIT-11 Supervisor - Dr . Rafia Naz Memon, The Effect of Refactoring on Software Quality (Thesis MS), 2024